Catalog

Record Details

Catalog Search



Ošetřovatelství v multikulturní společnosti : 8. mezinárodní konference : Praha 10.-11. května 2007 Cover Image Book Book

Ošetřovatelství v multikulturní společnosti : 8. mezinárodní konference : Praha 10.-11. května 2007

Record details

  • ISBN: 978-80-86277-60-8
  • Physical Description: 157 stran : ilustrace + 1 CD
  • Publisher: Praha : Vysoká škola zdravotnická, o.p.s., 2007

Available copies

  • 2 of 2 copies available at Common Catalog SPOK.

Holds

  • 0 current holds with 2 total copies.
Show All Copies
Location Call Number / Copy Notes Barcode Shelving Location Status Due Date
Varianty Cho Oš 4605401626 Šafaříkova 17 - 5. patro, chodba Available -
Varianty Cho Oš 4605401629 Šafaříkova 17 - 5. patro, chodba Available -

LDR nam a22 i 4500
00132033
003CZ-PrJAB
00520190603123440.0
007ta
008 s2007 xr e 000 0 cze
020 . ‡a978-80-86277-60-8
040 . ‡aABH006 ‡bcze ‡erda
072 7. ‡a616 ‡xPatologie. Klinická medicína ‡2Konspekt ‡914
24500. ‡aOšetřovatelství v multikulturní společnosti : ‡b8. mezinárodní konference : Praha 10.-11. května 2007
264 1. ‡aPraha : ‡bVysoká škola zdravotnická, o.p.s., ‡c2007
300 . ‡a157 stran : ‡bilustrace + ‡e1 CD
336 . ‡atext ‡btxt ‡2rdacontent
338 . ‡asvazek ‡bnc ‡2rdacarrier
910 . ‡aABH006
901 . ‡a32033 ‡b ‡c32033 ‡tbiblio

Additional Resources